000 01129cam a2200289 i 4500
003 BD-RjUL
005 20220831103617.0
008 220831s2018 pk b 010 0burd
035 _a(BD-RjUL)
040 _aDLC
_beng
_erda
_cDLC
082 _223
_a954.035092
_bHAQ 1959
100 _a Haque, Abdul
_94559
245 0 0 _aسر سيد احمد خان : حالات وافكار # siru sayid aihmad khan :
_bḥalāt aur Ifkar /
_cAbdul Haque
264 1 _aKarachi :
_bAnjuman Taraqi urdu,
_c1959
300 _a196 pages ;
_c24 cm
490 0 _aJashan-i do ṣad sālah Sar Sayyid Aḥmad K̲h̲ān 1817-2017
504 _aIncludes bibliographical references.
520 _aBiography of Sir Sayyid Aḥmad K̲h̲ān̲, Indian statesman and founder of Aligarh Muslim University.
600 1 0 _aAḥmad K̲h̲ān̲, Sayyid,
_cSir,
_d1817-1898.
_94560
650 0 _aStatesmen
_zIndia
_vBiography.
_94561
650 0 _aEducators
_zIndia
_vBiography.
_94562
700 1 _aAshfāq, Ḥumerā,
_ecompiler.
_94563
700 1 _aAḥmad Salīm,
_d1945-
_ecompiler.
_94564
942 _2ddc
_cBK
999 _c80266
_d80266